Welcome to WEB OPAC of MRSPTU Central Library

Operational amplifiers and linear ICS (Record no. 1335)

MARC details
000 -LEADER
fixed length control field 00434nam a2200157Ia 4500
008 - FIXED-LENGTH DATA ELEMENTS--GENERAL INFORMATION
fixed length control field 230711s9999||||xx |||||||||||||| ||und||
041 ## - LANGUAGE CODE
Language code of text/sound track or separate title ENG
082 ## - DEWEY DECIMAL CLASSIFICATION NUMBER
Classification number 621
Item number DR-O
100 ## - MAIN ENTRY--PERSONAL NAME
Personal name Driscoll,Frederick F.
245 #0 - TITLE STATEMENT
Title Operational amplifiers and linear ICS
250 ## - EDITION STATEMENT
Edition statement 1st Ed.
260 ## - PUBLICATION, DISTRIBUTION, ETC.
Date of publication, distribution, etc. 1989
Place of publication, distribution, etc. New Delhi
Name of publisher, distributor, etc. Prentice-Hall of India Private Limited
650 ## - SUBJECT ADDED ENTRY--TOPICAL TERM
Topical term or geographic name entry element Electronics Engineering
700 ## - ADDED ENTRY--PERSONAL NAME
Personal name Coughlin,Robert F.
942 ## - ADDED ENTRY ELEMENTS (KOHA)
Koha item type Book
Holdings
Withdrawn status Lost status Damaged status Not for loan Collection Home library Current library Date acquired Total checkouts Full call number Barcode Date last seen Price effective from Koha item type
          MRSPTU Central Library MRSPTU Central Library     621 DR-O 6607 08/17/2023 08/17/2023 Book
          MRSPTU Central Library MRSPTU Central Library     5 RO-O 3059 08/17/2023 08/17/2023 Book
          MRSPTU Central Library MRSPTU Central Library     621 DR-O 6608 08/17/2023 08/17/2023 Book
          MRSPTU Central Library MRSPTU Central Library     621 DR-O 6609 08/17/2023 08/17/2023 Book
          MRSPTU Central Library MRSPTU Central Library     621 DR-O 6610 08/17/2023 08/17/2023 Book
          MRSPTU Central Library MRSPTU Central Library     621 DR-O 6611 08/17/2023 08/17/2023 Book

Website Designed and Developed by MRSPTU Central Library Team

E-mail Id: librarian@mrsptu.ac.in